Statistics for Auckland Frequent Bus Routes on a Map - Multi Choice

Click here to take the quiz!

General Stats

  • This quiz has been taken 387 times
  • The average score is 5 of 10

Answers on the Map

Answers color-coded by a green-red scale on the quiz's map according to % correct below.
 

Answer Stats

Answer% Correct
NX
100%
CTY
91%
INN
82%
14
80%
35
78%
OUT
78%
70
75%
82
75%
97
75%
22
73%
AIR
73%
TMK
73%
24
67%
30
67%
50
64%
95
64%
18
60%
33
60%
75
60%
27
55%
64
55%
38
50%
72
50%
83
50%
32
43%
66
40%
68
40%
20
38%
36
30%
25
25%
31
23%

Score Distribution

Percentile by Number Answered

Percent of People with Each Score

Your Score History

You have not taken this quiz